Webová e-learningová aplikácia pre Edge computing

Salvato in:
Dettagli Bibliografici
Autore principale: Matúška, Marko (Autore)
Altri autori: Beňo, Lukáš (Relatore della tesi)
Natura: Manoscritto Libro
Lingua:slovacco
Pubblicazione: Bratislava : STU v Bratislave FEI, 2024
Soggetti:
Accesso online:https://opac.crzp.sk/?fn=detailBiblioFormChildSHHI4&sid=A6A9937D4AB687F473CA84A9E4AF&seo=CRZP-detail-kniha
Tags: Aggiungi Tag
Nessun Tag, puoi essere il primo ad aggiungerne!!

MARC

LEADER 00000ntm a22000003a 4500
001 stuzp91782
003 SK-STU
005 20250409135029.5
007 ta
008 150427s2015----xo-----f-mn---000-0-slo-d
040 |a STU  |b slo 
041 0 |a slo 
044 |a xo 
100 1 |a Matúška, Marko  |u 030400  |4 aut  |U FEI Fakulta elektrotechniky a informatiky  |T FEI Ústav automobilovej mechatroniky  |X 111391  |U E400  |Y 642  |7 111391 
242 0 1 |a Web e-learning application for Edge computing  |y eng 
245 1 0 |a Webová e-learningová aplikácia pre Edge computing 
260 |a Bratislava :  |b STU v Bratislave FEI,  |c 2024 
300 |a 99 s. 
650 4 |a e-learning  |2 slo 
650 4 |a Edge computing  |2 slo 
650 4 |a Laravel  |2 slo 
650 4 |a React.js  |2 slo 
650 4 |a webová aplikácia  |2 slo 
650 4 |a Laravel  |2 eng 
650 4 |a React.js  |2 eng 
650 4 |a web application  |2 eng 
650 4 |a Edge computing  |2 eng 
650 4 |a e-learning  |2 eng 
700 1 |a Beňo, Lukáš  |u 030400  |k Z8  |4 ths  |U FEI Fakulta elektrotechniky a informatiky  |T FEI Ústav automobilovej mechatroniky  |X 72774  |U E400  |Y 642  |7 72774 
856 4 |u https://opac.crzp.sk/?fn=detailBiblioFormChildSHHI4&sid=A6A9937D4AB687F473CA84A9E4AF&seo=CRZP-detail-kniha